Boston College Profile Quiz Stats

 Plays Quiz not verified by Sporcle

Support Sporcle.
Go Orange.
Score 0/19 Timer 05:00
0 Plays Today
Question Answer % Correct
School ColorGold
95.9%
School ColorMaroon
94.5%
Religious AffiliationCatholic
94.5%
Religious AffiliationJesuit
90.7%
Player Who Threw the Famous Hail Mary PassDoug Flutie
89.4%
CampusChestnut Hill
89%
CampusNewton
88.2%
NicknameEagles
86%
MascotBaldwin the Eagle
82.3%
NCAA FBS ConferenceAtlantic Coast Conference
81.7%
Question Answer % Correct
Fight SongFor Boston
81.1%
Principal Student NewspaperThe Heights
76.4%
Year Founded1863
74.4%
CampusBrighton
74%
That Player's College Number22
68.3%
2011 US News College Ranking31
66.9%
Nearest Body of WaterChestnut Hill Reservoir
63.6%
MottoEver To Excel
55.5%
Prevalent Architectural StyleCollegiate Gothic
24%

You're not logged in!

Compare scores with friends on all Sporcle quizzes.
OR
Log In

From the Vault

Foreign-Born Population: Spain

by figols

They must have come for the paella.
Remove Ads.
Support Sporcle.
Get the best of Sporcle when you Go Orange. This ad-free experience offers more features, more stats, and more fun while also helping to support Sporcle. Thank you for becoming a member.

Show Comments

Extras

Top Quizzes Today


Score Distribution

Your Account Isn't Verified!

In order to create a playlist on Sporcle, you need to verify the email address you used during registration. Go to your Sporcle Settings to finish the process.

Report this User

Report this user for behavior that violates our Community Guidelines.

Details: